| 000 | 00627nam a2200205 i 4500 | ||
|---|---|---|---|
| 001 | 64869 | ||
| 003 | ES-MaACL | ||
| 005 | 20251017063052.0 | ||
| 007 | t| | ||
| 008 | 040107s1920 fr ||||1| fre d | ||
| 100 | 1 |
_aFort, Paul, _d1872-1960 _951836 |
|
| 245 | 1 | 0 |
_aBallades françaises. _n1ère série / _cPaul Fort ; avec une préface nouvelle de Pierre Louÿs. |
| 250 | _a8eme éd. | ||
| 260 |
_aParis : _bMercure de France, _c1920. |
||
| 300 |
_a406 p. ; _c19 cm. |
||
| 500 | _aNouvelle éd. revue et augmentée. | ||
| 700 | 1 |
_aLouys, Pierre. _9139378 |
|
| 852 |
_aES-MaACL _jG-8585 |
||
| 999 |
_c64869 _d64869 |
||